000 00376nam a2200157Ia 4500
008 230524s9999 xx 000 0 und d
082 _a4.6
_bSEK
100 _aG V Satya Sekhar
245 0 _aManagement Information Systems
250 _aIST
260 _aNEW DELHI
_bExcel
_c2007
300 _aVIII;507
500 _aQuantity Number: 2
650 _aComp-Sc
942 _cBK
999 _c46551
_d46551